5HLuxD.jpg

KING HENRY VIII SENIOR AND PRIMARY SCHOOL LIBRARY OPAC

The magic of reality : (Record no. 317)

000 -LEADER
fixed length control field 02689cam a22005294i 4500
001 - CONTROL NUMBER
control field 796931866
003 - CONTROL NUMBER IDENTIFIER
control field OCoLC
005 - DATE AND TIME OF LATEST TRANSACTION
control field 20190806093015.0
008 - FIXED-LENGTH DATA ELEMENTS--GENERAL INFORMATION
fixed length control field 130620s2012 nyua 001 0 eng
010 ## - LIBRARY OF CONGRESS CONTROL NUMBER
LC control number 2013409774
020 ## - INTERNATIONAL STANDARD BOOK NUMBER
International Standard Book Number 9781451675047
Qualifying information (paperback)
020 ## - INTERNATIONAL STANDARD BOOK NUMBER
International Standard Book Number 1451675046
Qualifying information (paperback)
035 ## - SYSTEM CONTROL NUMBER
System control number (OCoLC)796931866
Canceled/invalid control number (OCoLC)815251335
040 ## - CATALOGING SOURCE
Original cataloging agency DLC
Language of cataloging eng
Description conventions rda
Transcribing agency DLC
Modifying agency YDXCP
-- BDX
-- CLE
-- OUN
-- IVV
-- TXI
-- NDS
-- OCLCF
-- OCLCO
-- COO
-- GZT
-- OCLCQ
-- NYP
042 ## - AUTHENTICATION CODE
Authentication code pcc
049 ## - LOCAL HOLDINGS (OCLC)
Holding library NYPP
082 00 - DEWEY DECIMAL CLASSIFICATION NUMBER
Classification number 501 DAW
Edition number 23
091 ## - MICROFILM SHELF LOCATION (AM) [OBSOLETE]
Microfilm shelf location 501
100 1# - MAIN ENTRY--PERSONAL NAME
Personal name Dawkins, Richard,
Dates associated with a name 1941-
Relator term author
245 14 - TITLE STATEMENT
Title The magic of reality :
Remainder of title how we know what's really true /
Statement of responsibility, etc. Richard Dawkins ; illustrated by Dave McKean.
250 ## - EDITION STATEMENT
Edition statement First Free Press trade paperback edition.
264 #1 - PRODUCTION, PUBLICATION, DISTRIBUTION, MANUFACTURE, AND COPYRIGHT NOTICE
Place of production, publication, distribution, manufacture New York :
Name of producer, publisher, distributor, manufacturer Free Press,
Date of production, publication, distribution, manufacture, or copyright notice 2012.
300 ## - PHYSICAL DESCRIPTION
Extent 267 pages :
Other physical details illustrations ;
Dimensions 22 cm.
336 ## - CONTENT TYPE
Content type term text
Content type code txt
Source rdacontent.
337 ## - MEDIA TYPE
Media type term unmediated
Media type code n
Source rdamedia.
338 ## - CARRIER TYPE
Carrier type term volume
Carrier type code nc
Source rdacarrier.
500 ## - GENERAL NOTE
General note "Originally published in Great Britain in 2012 by Transworld Publishers; a fully illustrated hardcover edition first published in Great Britain, with color illustrations by Dave McKean, in 2011 by Bantam Press, an imprint of Transworld Publishers"--Title page verso.
500 ## - GENERAL NOTE
General note Includes index.
505 0# - FORMATTED CONTENTS NOTE
Formatted contents note What is reality? What is magic? -- Who was the first person? -- Why are there so many different kinds of animals? -- What are things made of? -- Why do we have night and day, winter and summer? -- What is the sun? -- What is a rainbow? -- When and how did everything begin? -- Are we alone? -- What is an earthquake? -- Why do bad things happen? -- What is a miracle?
520 ## - SUMMARY, ETC.
Summary, etc. This book explains a wide range of natural phenomena including how old the universe is, why the continents look like disconnected pieces of a jigsaw puzzle, what causes tsunamis, why there are so many kinds of plants and animals, and who the first man, or woman, was. Starting with the magical, mythical explanations for the wonders of nature, the author reveals the scientific truths behind these occurrences.
650 #0 - SUBJECT ADDED ENTRY--TOPICAL TERM
Topical term or geographic name entry element Science
Form subdivision Miscellanea.
650 #0 - SUBJECT ADDED ENTRY--TOPICAL TERM
Topical term or geographic name entry element Science
General subdivision Philosophy.
650 #0 - SUBJECT ADDED ENTRY--TOPICAL TERM
Topical term or geographic name entry element Reality.
650 #0 - SUBJECT ADDED ENTRY--TOPICAL TERM
Topical term or geographic name entry element Nature.
650 #7 - SUBJECT ADDED ENTRY--TOPICAL TERM
Topical term or geographic name entry element Nature.
Source of heading or term fast
Authority record control number or standard number (OCoLC)fst01034561.
650 #7 - SUBJECT ADDED ENTRY--TOPICAL TERM
Topical term or geographic name entry element Reality.
Source of heading or term fast
Authority record control number or standard number (OCoLC)fst01091244.
650 #7 - SUBJECT ADDED ENTRY--TOPICAL TERM
Topical term or geographic name entry element Science.
Source of heading or term fast
Authority record control number or standard number (OCoLC)fst01108176.
650 #7 - SUBJECT ADDED ENTRY--TOPICAL TERM
Topical term or geographic name entry element Science
General subdivision Philosophy.
Source of heading or term fast
Authority record control number or standard number (OCoLC)fst01108336.
655 #7 - INDEX TERM--GENRE/FORM
Genre/form data or focus term Miscellanea.
Source of term fast
Authority record control number or standard number (OCoLC)fst01423854.
700 ## - ADDED ENTRY--PERSONAL NAME
Personal name McKean, Dave
Relator term Illustrator
901 ## - LOCAL DATA ELEMENT A, LDA (RLIN)
a MARS
901 ## - LOCAL DATA ELEMENT A, LDA (RLIN)
a wch
b CATBL
908 00 - PUT COMMAND PARAMETER (RLIN)
Put command parameter Q173
942 ## - ADDED ENTRY ELEMENTS (KOHA)
Source of classification or shelving scheme
Koha item type Books - Non Ficton
945 ## - LOCAL PROCESSING INFORMATION (OCLC)
a .b209289314
946 ## - LOCAL PROCESSING INFORMATION (OCLC)
a m
Holdings
Withdrawn status Lost status Source of classification or shelving scheme Damaged status Not for loan Collection code Permanent Location Current Location Shelving location Date acquired Total Checkouts Full call number Barcode Date due Date last seen Date last checked out Copy number Price effective from Koha item type
          Non-Fiction KH8 Senior School Library KH8 Senior School Library Non Fiction 2019-08-06 1 501 DAW 3KHSL000101116 2022-09-12 2022-09-05 2022-09-05 1 2019-08-06 Books - Non Ficton
          Non-Fiction KH8 Senior School Library KH8 Senior School Library Non Fiction 2019-10-14   501 DAW 3KHSL000101389   2019-10-14   2 2019-10-14 Books - Non Ficton

Powered By KH8 IT Dept